Vendégélmény a vendéglátásban

Bibliográfiai részletek
Szerző: Kertész Henriett
További közreműködők: Harsányi Dr. Dávid
Dokumentumtípus: Diplomadolgozat
Kulcsszavak:Elégedettség mérés
Vendéglátás
Online Access:http://dolgozattar.uni-bge.hu/20541

MARC

LEADER 00000nta a2200000 i 4500
001 dolg20541
005 20200428115258.0
008 190506suuuu hu om 000 hun d
040 |a BGE Dolgozattár Repozitórium  |b hun 
041 |a hu 
100 1 |a Kertész Henriett 
245 1 0 |a Vendégélmény a vendéglátásban  |c Kertész Henriett  |h [elektronikus dokumentum] 
695 |a Elégedettség mérés 
695 |a Vendéglátás 
700 1 |a Harsányi Dr. Dávid  |e ths 
856 4 0 |u http://dolgozattar.uni-bge.hu/20541/1/Kertesz%20Henriett_SZAKDOLGOZAT%20pdf.pdf  |z Dokumentum-elérés